LEADER 01219nam0-2200397li-450 001 990000178560203316 005 20180312154608.0 010 $a88-08-12600-5 035 $a0017856 035 $aUSA010017856 035 $a(ALEPH)000017856USA01 035 $a0017856 100 $a20001109d1993----km-y0itay0103----ba 101 0 $aita 102 $aIT 200 1 $a<> "Zingarelli" 1994$evocabolario della lingua italiana$fNicola Zingarelli 205 $a12. ed.$fa cura di Mino Dogliottie Luigi Rosiello 210 $aBologna$cZingarelli$d1993 610 1 $alingua italiana dizionari 676 $a453$9. 700 1$aZINGARELLI,$bNicola$02124 702 1$aDogliotti,$bMino 702 1$aROSIELLO,$bLuigi$f<1930-1993> 801 $aSistema bibliotecario di Ateneo dell' Università di Salerno$gRICA 912 $a990000178560203316 951 $aREF 453 ZIN (A)$b0003685 959 $aBK 969 $aTEC 979 $c19950807 979 $c20001110$lUSA01$h1713 979 $c20020403$lUSA01$h1625 979 $aPATRY$b90$c20040406$lUSA01$h1613 979 $aPATRY$b90$c20070831$lUSA01$h1345 979 $aPATRY$b90$c20080605$lUSA01$h1209 996 $aZingarelli 1994$970111 997 $aUNISA LEADER 00988nam2-2200313---450- 001 990003306060203316 005 20090904123017.0 035 $a000330606 035 $aUSA01000330606 035 $a(ALEPH)000330606USA01 035 $a000330606 100 $a20090904d1978----km-y0itay50------ba 101 1 $aita$cger 102 $aIT 105 $ay|||z|||001yy 200 1 $a<<10:>> Inibizione, sintomo e angoscia e altri scritti$e1924-1929$fSigmund Freud 210 $aTorino$cP. Boringhieri$d1978 215 $aXIX, 661 p.$d23 cm 461 0$1001000158399$12001$aOpere di Sigmund Freud 700 1$aFREUD,$bSigmund$0128716 801 0$aIT$bsalbc$gISBD 912 $a990003306060203316 951 $aII.3. 2721/10(150.195 FRE)$b17454 L.M.$cII.3.$d00228213 959 $aBK 969 $aUMA 979 $aANNAMARIA$b90$c20090904$lUSA01$h1225 979 $aANNAMARIA$b90$c20090904$lUSA01$h1230 996 $aInibizione, sintomo e angoscia e altri scritti$91121821 997 $aUNISA LEADER 02600nam 2200637Ia 450 001 9910785667503321 005 20230721013749.0 010 $a1-282-76096-3 010 $a9786612760969 010 $a92-4-068546-4 035 $a(CKB)2670000000067997 035 $a(EBL)579110 035 $a(OCoLC)680081617 035 $a(SSID)ssj0000411967 035 $a(PQKBManifestationID)11314284 035 $a(PQKBTitleCode)TC0000411967 035 $a(PQKBWorkID)10365766 035 $a(PQKB)11072871 035 $a(MiAaPQ)EBC579110 035 $a(Au-PeEL)EBL579110 035 $a(CaPaEBR)ebr10411815 035 $a(CaONFJC)MIL276096 035 $a(EXLCZ)992670000000067997 100 $a20101008d2009 uf 0 101 0 $aspa 135 $aurcn||||||||| 181 $ctxt 182 $cc 183 $acr 200 00$aAplicacio?n del pensamiento siste?mico$b[electronic resource] $eal fortalecimiento de los servicios de salud 210 $aGeneva $cAlianza para la Investigacio?n en Poli?ticas y Sistemas de Salud $cOrganizacio?n Mudial de la Salud$dc2009 215 $a1 online resource (113 p.) 300 $aThird report of Alliance for Health Policy and Systems Research. 311 $a92-4-356389-0 320 $aIncludes bibliographical references. 330 $aEn este informe se investiga de qu manera el pensamiento sist mico permite profundizar en los fundamentos te ricos y pr cticos de las iniciativas que tienen por objeto el fortalecimiento de los sistemas de salud. En este informe insignia de la Alianza para la Investigaci n en Pol ticas y Sistemas de Salud se exponen los argumentos en favor del pensamiento sist mico de manera f cilmente comprensible por una amplia audiencia interdisciplinaria en la que tienen cabida, entre otros, los rectores de los sistemas de salud, los ejecutores de programas, los investigadores, los evaluadores y los asocia 606 $aMedical care 606 $aHealth services administration 606 $aHealth planning 606 $aSystem theory 615 0$aMedical care. 615 0$aHealth services administration. 615 0$aHealth planning. 615 0$aSystem theory. 676 $a353.6 701 $aDe Savigny$b Don$01523283 701 $aAdam$b Taghreed$01527238 712 02$aAlliance for Health Policy and Systems Research. 712 02$aWorld Health Organization. 801 0$bMiAaPQ 801 1$bMiAaPQ 801 2$bMiAaPQ 906 $aBOOK 912 $a9910785667503321 996 $aAplicacio?n del pensamiento siste?mico$93809999 997 $aUNINA